| 000 | 01045nam a22002537a 4500 | ||
|---|---|---|---|
| 005 | 20170123164145.0 | ||
| 010 | _aB-095361 | ||
| 020 |
_c125.00 _a8182990173 |
||
| 035 | _aB-095361 | ||
| 037 | _bCen Lib/Ret | ||
| 040 |
_aDPL _bPN |
||
| 082 |
_aਕ _bਧੀਰਸੰ |
||
| 100 |
_aਧੀਰ , ਸੰਥੋਖ ਸਿੰਘ _95807 |
||
| 245 |
_aਸ਼ੇਰਾਂ ਦੀ ਆਵਾਜ਼ : _cਸੰਥੋਖ ਸਿੰਘ ਧੀਰ _bਸ਼ਿਖ- ਇਤਿਹਾਸ ਦੀਆਂ ਕਹਾਣੀਆਂ / |
||
| 246 |
_aSheran di awaaz : a collection of stories of sikh history / _bby Santokh Singh Dhir |
||
| 260 |
_aਦਿੱਲੀ _bਆਰਸੀ ਪਬਲਿਸ਼ਰਜ਼ _c2004 |
||
| 270 |
_aਚਾਂਦਨੀ ਚੈਕ _bਦਿੱਲੀ _e110006 |
||
| 300 |
_a111p ; _c20cm |
||
| 650 |
_aਪੰਜਾਬੀ --ਸਾਹਿਤ _9122075 |
||
| 650 |
_aਪੰਜਾਬੀ-- ਕਹਾਣੀਆਂ _9122076 |
||
| 650 |
_aliterature--Punjabi _9114104 |
||
| 650 |
_aPunjabi - story _9116063 |
||
| 942 |
_2ddc _cPN _hਕ _mਧੀਰਸੰ |
||
| 999 |
_c109953 _d109953 |
||